The courage to be / (Record no. 131546)
[ view plain ]
| 000 -LEADER | |
|---|---|
| fixed length control field | 00810nam a2200289 a 4500 |
| 001 - CONTROL NUMBER | |
| control field | 1016455 |
| 003 - CONTROL NUMBER IDENTIFIER | |
| control field | ARRUPE |
| 005 - DATE AND TIME OF LATEST TRANSACTION | |
| control field | 20221121111146.0 |
| 008 - FIXED-LENGTH DATA ELEMENTS--GENERAL INFORMATION | |
| fixed length control field | 870715t19771952enk 001 0 eng c |
| 010 ## - LIBRARY OF CONGRESS CONTROL NUMBER | |
| LC control number | 87673185 |
| 020 ## - INTERNATIONAL STANDARD BOOK NUMBER | |
| International Standard Book Number | 0006268102 (pbk.) |
| 028 ## - PUBLISHER NUMBER | |
| Source | Arrupe |
| 040 ## - CATALOGING SOURCE | |
| Original cataloging agency | MH |
| Transcribing agency | MH |
| Modifying agency | DLC |
| 050 14 - LIBRARY OF CONGRESS CALL NUMBER | |
| Classification number | BJ1533.C8 |
| Item number | T5x 1984 |
| 300 ## - PHYSICAL DESCRIPTION | |
| Dimensions | 18 cm. |
| 100 1# - MAIN ENTRY--PERSONAL NAME | |
| Personal name | Tillich, Paul, |
| Dates associated with a name | 1886-1965. |
| 9 (RLIN) | 51878 |
| 245 14 - TITLE STATEMENT | |
| Title | The courage to be / |
| Statement of responsibility, etc | Paul Tillich. |
| 260 ## - PUBLICATION, DISTRIBUTION, ETC. (IMPRINT) | |
| Place of publication, distribution, etc | [London] : |
| Name of publisher, distributor, etc | Collins, |
| Date of publication, distribution, etc | 1977, c1952 |
| Date of manufacture | (1984 printing) |
| 300 ## - PHYSICAL DESCRIPTION | |
| Extent | 183 p. ; |
| 490 0# - SERIES STATEMENT | |
| Series statement | Fount paperbacks |
| 500 ## - GENERAL NOTE | |
| General note | Includes index. |
| 650 #0 - SUBJECT ADDED ENTRY--TOPICAL TERM | |
| Topical term or geographic name as entry element | Courage. |
| 9 (RLIN) | 49581 |
| 650 #0 - SUBJECT ADDED ENTRY--TOPICAL TERM | |
| Topical term or geographic name as entry element | Ontology. |
| 650 #0 - SUBJECT ADDED ENTRY--TOPICAL TERM | |
| Topical term or geographic name as entry element | Anxiety. |
| 9 (RLIN) | 19141 |
| 650 #0 - SUBJECT ADDED ENTRY--TOPICAL TERM | |
| Topical term or geographic name as entry element | Existentialism. |
| 9 (RLIN) | 1759 |
| 906 ## - LOCAL DATA ELEMENT F, LDF (RLIN) | |
| a | 7 |
| b | cbc |
| c | orignew |
| d | u |
| e | ncip |
| f | 19 |
| g | y-gencatlg |
| 942 ## - ADDED ENTRY ELEMENTS (KOHA) | |
| Source of classification or shelving scheme | Library of Congress Classification |
| Koha item type | Monograph ( Printed materials) |
| Withdrawn status | Lost status | Source of classification or shelving scheme | Damaged status | Not for loan | Home library | Current library | Shelving location | Date acquired | Total Checkouts | Full call number | Barcode | Date last seen | Price effective from | Koha item type |
|---|---|---|---|---|---|---|---|---|---|---|---|---|---|---|
| Library of Congress Classification | ARRUPE LIBRARY | ARRUPE LIBRARY | Main Collection | 21/11/2022 | BJ1533.C8 T5x 1984 | 46700000026 | 21/11/2022 | 21/11/2022 | Monograph ( Printed materials) |